| 000 | 00513nam a2200181 a 4500 | ||
|---|---|---|---|
| 005 | 20250805063905.0 | ||
| 008 | 991125s1963 fr 000 0 spa u | ||
| 035 | _aUPN01000000444 | ||
| 049 | _aCG | ||
| 050 | 4 |
_aAS4 _bU82 1962 |
|
| 111 | 2 |
_aUNESCO. _eConferencia General. _eReunión _n(12a : _d1962 : _cParís) |
|
| 245 | 1 | 0 |
_aActas de la conferencia general : _bresoluciones. |
| 260 |
_aParís : _bUNESCO, _c1963. |
||
| 300 | _axii, 309 p. | ||
| 500 | _a"CPG.63/VI.12/S" | ||
| 610 | 2 | 4 |
_aUnesco _922938 |
| 905 | _aLibro | ||
| 999 |
_c444 _d444 |
||